[Event "ICS rated bullet match"]
[Site "204.178.125.65"]
[Date "2000.11.23"]
[Round "?"]
[White "Hossa"]
[Black "twixer"]
[Result "0-1"]
[WhiteElo "2580"]
[BlackElo "2682"]
[PlyCount "222"]
[EventDate "2000.??.??"]

1. Nf3 Nf6 2. c4 c5 3. Nc3 Nc6 4. e3 e6 5. d4 d5 6. cxd5 Nxd5 7. Bb5 cxd4 8.
Nxd4 Bd7 9. Nxd5 Nxd4 10. Bxd7+ Qxd7 11. Nf4 Nf5 12. Qxd7+ Kxd7 13. g4 Nh4 14.
Ke2 Bd6 15. Bd2 Bxf4 16. exf4 h5 17. f3 hxg4 18. fxg4 Rac8 19. Bc3 Ng6 20. Bxg7
Rc2+ 21. Kd3 Rhxh2 22. Rxh2 Rxh2 23. Ke3 Ne7 24. Rd1+ Nd5+ 25. Kf3 a6 26. Kg3
Rc2 27. Bd4 Kc6 28. a3 b5 29. Kf3 Rh2 30. Kg3 Re2 31. Rc1+ Kd7 32. Kf3 Rd2 33.
Ke4 Rg2 34. g5 Re2+ 35. Kf3 Rd2 36. Be5 Rh2 37. Rd1 Rh3+ 38. Kg4 Rb3 39. Bd4 b4
40. a4 a5 41. f5 Kd6 42. fxe6 Kxe6 43. Re1+ Kd7 44. Kf5 Rg3 45. Bg7 Rg2 46. Rd1
Kc6 47. Rc1+ Kd6 48. Be5+ Kd7 49. Rc5 Ne7+ 50. Ke4 Nc6 51. Rd5+ Ke7 52. Bf6+
Ke6 53. Rc5 Kd6 54. Rc1 Re2+ 55. Kf3 Rh2 56. Kf4 Ne7 57. Rd1+ Nd5+ 58. Kg3 Rc2
59. Bd4 Re2 60. Kf3 Rh2 61. Re1 Rh3+ 62. Kg4 Rd3 63. Be5+ Kd7 64. Kf5 Rd2 65.
Ke4 Ke6 66. Bd4 b3 67. Bc5 f5+ 68. Kf3+ Kf7 69. Ba3 Kg6 70. Re6+ Kxg5 71. Ra6
Rd3+ 72. Kf2 Kf4 73. Rxa5 Ke4 74. Rb5 Rd2+ 75. Ke1 Rd4 76. a5 Ra4 77. Bd6 Ne3
78. Ke2 Nc4 79. Bc7 Nxb2 80. Re5+ Kd4 81. Rxf5 Nd3 82. Rb5 Ra2+ 83. Kf3 b2 84.
Rb8 Ra1 85. a6 Rf1+ 86. Kg2 b1=Q 87. Rxb1 Rxb1 88. a7 Ra1 89. Bb6+ Ke4 90. Kg3
Ne5 91. Bc5 Kd5 92. Be3 Ra2 93. Kf4 Ra4+ 94. Kf5 Nd3 95. Bb6 Kc6 96. Bd4 Ra5+
97. Kf6 Nc5 98. Kg6 Rxa7 99. Be5 Kd5 100. Bf4 Ke4 101. Bg5 Ra6+ 102. Kf7 Kf5
103. Bd8 Ra7+ 104. Ke8 Ke6 105. Kf8 Ne4 106. Bh4 Rf7+ 107. Kg8 Nf6+ 108. Bxf6
Kxf6 109. Kh8 Rf8+ 110. Kh7 Ra8 111. Kh6 Rh8# {Hossa checkmated} 0-1

[Event "ICS rated bullet match"]
[Site "204.178.125.65"]
[Date "2000.11.23"]
[Round "?"]
[White "twixer"]
[Black "Hossa"]
[Result "1-0"]
[WhiteElo "2693"]
[BlackElo "2569"]
[PlyCount "105"]
[EventDate "2000.??.??"]

1. d4 d5 2. c4 dxc4 3. Nf3 Nf6 4. e3 Bg4 5. Bxc4 e6 6. O-O Nc6 7. Nc3 Bd6 8. h3
Bf5 9. Nh4 Ne7 10. Nxf5 Nxf5 11. e4 Nxd4 12. e5 Bxe5 13. f4 Nd7 14. fxe5 Nxe5
15. Qh5 Qd6 16. Be3 Ndc6 17. Nb5 Qe7 18. Bb3 a6 19. Nd4 g6 20. Nxc6 Nxc6 21.
Qf3 f5 22. Ba4 O-O 23. Bxc6 bxc6 24. Qxc6 Rfe8 25. Rad1 Qf6 26. Bd4 Qe7 27. Be5
Rad8 28. Rfe1 g5 29. Rxd8 Rxd8 30. Qxa6 c5 31. Rc1 h5 32. Qc6 Rd5 33. Qc8+ Kf7
34. Qh8 h4 35. Rf1 Rd2 36. Bc3 Rd3 37. Re1 Rd6 38. Qh5+ Kf8 39. Qg6 Ra6 40. Bf6
Qf7 41. Qxg5 Rxa2 42. Qh6+ Ke8 43. Qh8+ Kd7 44. Qd8+ Kc6 45. Qc8+ Kb5 46. Rxe6
Ra1+ 47. Kh2 f4 48. Qb8+ Kc4 49. b3+ Kd3 50. Qb5+ Kd2 51. Re2+ Kc1 52. Qxc5+
Kd1 53. Qc2# {Hossa checkmated} 1-0

[Event "ICS rated blitz match"]
[Site "204.178.125.65"]
[Date "2000.11.23"]
[Round "?"]
[White "cfd"]
[Black "Hossa"]
[Result "0-1"]
[WhiteElo "2145"]
[BlackElo "2543"]
[PlyCount "78"]
[EventDate "2000.??.??"]

1. d4 g6 2. c4 Bg7 3. Nc3 Nf6 4. e4 d6 5. Nf3 O-O 6. Be2 Nbd7 7. Be3 c5 8. d5
Nb6 9. O-O Bd7 10. Qc2 Qc7 11. h3 e5 12. a3 Nh5 13. Rab1 Rfe8 14. Rfc1 Nf4 15.
Bf1 f5 16. Kh2 fxe4 17. Ng5 Nd3 18. Bxd3 exd3 19. Qxd3 Bf5 20. Nge4 Rf8 21. f3
Qe7 22. b4 cxb4 23. axb4 Nd7 24. Qe2 Nf6 25. c5 Ne8 26. c6 bxc6 27. dxc6 Nf6
28. Qd2 Rfd8 29. Nd5 Nxd5 30. Qxd5+ Be6 31. Qa5 Rdc8 32. b5 d5 33. Bc5 Qh4 34.
Nd6 Rf8 35. Bxa7 e4 36. fxe4 Be5+ 37. Kg1 Qf4 38. Nf5 Bxf5 39. exf5 Rxf5 {
cfd resigns} 0-1

[Event "ICS Rated blitz match"]
[Site "204.178.125.65"]
[Date "2000.11.23"]
[Round "?"]
[White "HaraldLdahl"]
[Black "Hossa"]
[Result "0-1"]
[WhiteElo "2252"]
[BlackElo "2546"]
[PlyCount "94"]
[EventDate "2000.??.??"]

1. e4 e6 2. d4 d5 3. Nd2 Nf6 4. e5 Nfd7 5. Bd3 c5 6. c3 cxd4 7. cxd4 Nc6 8. Ne2
Qb6 9. Nf3 Bb4+ 10. Bd2 f6 11. exf6 Nxf6 12. Bxb4 Qxb4+ 13. Qd2 Qxd2+ 14. Kxd2
O-O 15. Bb5 Ne4+ 16. Ke3 Ne7 17. Ng3 Nd6 18. Bd3 Nc6 19. Rac1 Bd7 20. a3 Rac8
21. Rc2 Nf7 22. Rhc1 Rfe8 23. Bb5 e5 24. Bxc6 Bxc6 25. dxe5 Nxe5 26. Nxe5 Rxe5+
27. Kd3 g6 28. b4 Re7 29. a4 a6 30. Kd4 Rf8 31. b5 axb5 32. axb5 Bxb5 33. Rc8
Bc4 34. Rxf8+ Kxf8 35. Rc3 b5 36. Re3 h5 37. h4 Rf7 38. Rf3 Rxf3 39. gxf3 b4
40. f4 Kf7 41. f5 Kg7 42. f4 b3 43. Kc3 d4+ 44. Kb2 Bd5 45. fxg6 Kxg6 46. Ne2
d3 47. Nc3 d2 {HaraldLdahl resigns} 0-1

[Event "ICS rated blitz match"]
[Site "204.178.125.65"]
[Date "2000.11.23"]
[Round "?"]
[White "harimau"]
[Black "Hossa"]
[Result "1-0"]
[WhiteElo "2833"]
[BlackElo "2556"]
[PlyCount "163"]
[EventDate "2000.??.??"]

1. d4 g6 2. e4 Bg7 3. c3 d6 4. f4 Nf6 5. Bd3 O-O 6. Nf3 d5 7. e5 Ne4 8. Nbd2
Bf5 9. Qc2 Nxd2 10. Bxd2 Bxd3 11. Qxd3 Qd7 12. O-O Na6 13. Be3 c6 14. Qe2 Qg4
15. h3 Qd7 16. Rad1 Nc7 17. Kh2 Rab8 18. Qc2 b6 19. g3 a6 20. Rf2 Rb7 21. Re2
Nb5 22. Bg1 Rd8 23. e6 fxe6 24. Rde1 Nc7 25. Kg2 Rf8 26. Qd2 Rf5 27. Qd1 Rb8
28. Qc2 a5 29. Qd3 a4 30. Qc2 Ra8 31. a3 Ra7 32. Ng5 Rf6 33. Re3 h6 34. Nf3 Qe8
35. Ne5 Rf5 36. g4 Rxf4 37. Qxg6 Qxg6 38. Nxg6 Rf7 39. Bh2 Kh7 40. Bxc7 Rxc7
41. Rxe6 Bf6 42. Ne5 Bxe5 43. R1xe5 b5 44. Kg3 Kg7 45. Rf5 Rf6 46. Rfxf6 exf6
47. Kf4 c5 48. dxc5 Rxc5 49. Rb6 Kg6 50. Ke3 Kg5 51. Kd4 Rc8 52. Kxd5 Kh4 53.
Rxf6 Rh8 54. Rf3 Rc8 55. Kd6 Ra8 56. Kc5 Rb8 57. Kc6 Rc8+ 58. Kxb5 Rb8+ 59.
Kxa4 Rxb2 60. c4 Rc2 61. Kb4 Rc1 62. c5 Kg5 63. Rc3 Rb1+ 64. Ka5 Rb8 65. c6 Kf6
66. c7 Rc8 67. Ka6 Ke5 68. Kb7 Rf8 69. c8=Q Rxc8 70. Rxc8 Kf4 71. Rc5 Ke3 72.
h4 Kd4 73. Kb6 Ke3 74. g5 hxg5 75. hxg5 Ke4 76. g6 Ke3 77. g7 Kf3 78. g8=Q Kf4
79. Qe6 Kf3 80. Rf5+ Kg4 81. Qg6+ Kh4 82. Rh5# {Hossa checkmated} 1-0

[Event "ICS rated blitz match"]
[Site "204.178.125.65"]
[Date "2000.11.23"]
[Round "?"]
[White "Hossa"]
[Black "SNOEBE"]
[Result "1-0"]
[WhiteElo "2551"]
[BlackElo "2387"]
[PlyCount "23"]
[EventDate "2000.??.??"]

1. d4 e6 2. e3 h6 3. e4 b6 4. d5 Bb7 5. dxe6 fxe6 6. Qh5+ Ke7 7. Bg5+ Nf6 8. e5
Qe8 9. exf6+ gxf6 10. Qxe8+ Kxe8 11. Bxf6 Rg8 12. Nf3 {SNOEBE resigns} 1-0

[Event "ICS rated blitz match"]
[Site "204.178.125.65"]
[Date "2000.11.23"]
[Round "?"]
[White "Hossa"]
[Black "Tinker"]
[Result "0-1"]
[WhiteElo "2536"]
[BlackElo "2556"]
[PlyCount "120"]
[EventDate "2000.??.??"]

1. e3 Nf6 2. c4 e5 3. Nc3 Nc6 4. d4 Bb4 5. a3 Bxc3+ 6. bxc3 O-O 7. d5 Ne7 8. f3
e4 9. fxe4 Nxe4 10. Bd3 Ng6 11. Nf3 f5 12. Bd2 d6 13. O-O Bd7 14. Rb1 Rb8 15.
Be1 Qe7 16. Qc2 Nc5 17. Bf2 Ne5 18. Nxe5 dxe5 19. Be2 Ne4 20. Ra1 Qg5 21. Bf3
Nc5 22. Rab1 Ba4 23. Qd2 Rbe8 24. Rb2 Nb3 25. Qe1 Qe7 26. Ra2 Na5 27. c5 Bb3
28. d6 cxd6 29. cxd6 Qxd6 30. Qd2 Qe6 31. Raa1 Bc4 32. Rad1 Nb3 33. Qb2 Nc5 34.
Qb4 e4 35. Bh5 Rc8 36. Rfe1 Qa6 37. Rb1 b6 38. Bg3 Nd3 39. Qe7 Nxe1 40. Rxe1 g6
41. Bd6 Rfe8 42. Qg5 Re6 43. Bb4 Qb7 44. Rd1 Qc7 45. g4 Kh8 46. gxf5 gxf5 47.
Qxf5 Rg8+ 48. Kh1 Qg7 49. Qf2 Rh6 50. Rd4 Rxh5 51. Rd1 Rf5 52. Qg3 Qf7 53. Qh3
Rh5 54. Bd6 Be2 55. Qg3 Qf3+ 56. Kg1 Qxe3+ 57. Kg2 Rxg3+ 58. Bxg3 Bf3+ 59. Kf1
Qe2+ 60. Kg1 Qg2# {Hossa checkmated} 0-1

[Event "ICS rated blitz match"]
[Site "204.178.125.65"]
[Date "2000.11.23"]
[Round "?"]
[White "Hossa"]
[Black "Valg"]
[Result "0-1"]
[WhiteElo "2521"]
[BlackElo "2723"]
[PlyCount "124"]
[EventDate "2000.??.??"]

1. d4 Nf6 2. Nf3 g6 3. c4 Bg7 4. Nc3 O-O 5. e4 d6 6. Be3 e5 7. dxe5 dxe5 8. Bd3
Bg4 9. O-O Bxf3 10. gxf3 Nc6 11. Bc5 Re8 12. Be3 Nd4 13. f4 exf4 14. Bxf4 Ne6
15. Bg3 Nc5 16. Bc2 Nfxe4 17. Qxd8 Raxd8 18. Nxe4 Nxe4 19. Bxc7 Rd2 20. Bxe4
Rxe4 21. Rae1 Rg4+ 22. Bg3 Bxb2 23. Re7 Rxc4 24. Rxb7 Bd4 25. a3 Rcc2 26. Kg2
g5 27. Kh3 h5 28. Rb5 Bc5 29. Re1 h4 30. Re5 hxg3 31. Rexc5 gxf2 32. Rxg5+ Kh7
33. Rb1 Re2 34. Rf5 Kg6 35. Rbb5 Rc1 36. Rg5+ Kf6 37. Rgf5+ Ke6 38. Ra5 f1=Q+
39. Rxf1 Rxf1 40. Rxa7 Rff2 41. Kg3 Rxh2 42. Ra6+ Ke5 43. Ra5+ Ke4 44. Ra4+ Ke3
45. Kg4 Reg2+ 46. Kf5 Rf2+ 47. Ke5 Rh5+ 48. Kd6 Rh6+ 49. Ke7 Re6+ 50. Kf8 f5
51. Kf7 Re4 52. Ra5 f4 53. Rb5 Ra2 54. Rb3+ Ke2 55. Kg6 f3 56. Rb1 f2 57. Rh1
f1=Q 58. Rh2+ Kd1 59. Rh5 Rg4+ 60. Rg5 Rxg5+ 61. Kxg5 Rg2+ 62. Kh4 Qh1# {
Hossa checkmated} 0-1

[Event "ICS rated blitz match"]
[Site "204.178.125.65"]
[Date "2000.11.23"]
[Round "?"]
[White "Hossa"]
[Black "Valg"]
[Result "1/2-1/2"]
[WhiteElo "2511"]
[BlackElo "2758"]
[PlyCount "155"]
[EventDate "2000.??.??"]

1. e4 e5 2. Nf3 Nc6 3. Bb5 a6 4. Ba4 Nf6 5. O-O Be7 6. Re1 b5 7. Bb3 d6 8. c3
O-O 9. h3 Na5 10. Bc2 c5 11. d4 Qc7 12. Nbd2 cxd4 13. cxd4 Bb7 14. d5 Rac8 15.
Bb1 Nh5 16. Nf1 Nf4 17. Ng3 Bf6 18. Ne2 Nc4 19. b3 Nb6 20. Bb2 Ng6 21. Ng3 Rfe8
22. Bd3 Qd7 23. Nh5 Be7 24. Qd2 Rc5 25. Bc3 Nh4 26. Nxh4 Bxh4 27. Bb4 Rcc8 28.
Ba5 Na8 29. Qe2 f5 30. Ng3 Bxg3 31. fxg3 Nc7 32. Rac1 fxe4 33. Qxe4 g6 34. Be2
Qf7 35. Rxc7 Rxc7 36. Rf1 Qe7 37. Bxc7 Qxc7 38. Bf3 Qc5+ 39. Kh1 Rf8 40. Qh4
Bxd5 41. b4 Qc4 42. Bxd5+ Qxd5 43. Rxf8+ Kxf8 44. Qd8+ Kg7 45. Qe7+ Qf7 46.
Qxd6 Qf6 47. Qd7+ Kh6 48. Kh2 Qf8 49. Qe6 Qxb4 50. Qxe5 Qa3 51. Qf4+ Kg7 52.
Qc7+ Kf6 53. Qc6+ Kg5 54. Qc7 Kh6 55. Qf4+ Kg7 56. Qc7+ Kg8 57. Qb8+ Qf8 58.
Qb6 Qc8 59. a3 Kg7 60. Qd4+ Kf7 61. Qa7+ Kg8 62. g4 Qe6 63. Qc7 h6 64. Qf4 g5
65. Qc7 Kf8 66. Kh1 Qf6 67. Qc8+ Ke7 68. Qb7+ Kd8 69. Qb8+ Kd7 70. Qb7+ Ke8 71.
Qc8+ Ke7 72. Qb7+ Ke8 73. Qc8+ Kf7 74. Qb7+ Kg6 75. Qe4+ Kf7 76. Qb7+ Kg6 77.
Qe4+ Kf7 78. Qb7+ {Game drawn by repetition} 1/2-1/2

[Event "ICS rated blitz match"]
[Site "204.178.125.65"]
[Date "2000.11.23"]
[Round "?"]
[White "Valg"]
[Black "Hossa"]
[Result "1-0"]
[WhiteElo "2748"]
[BlackElo "2521"]
[PlyCount "81"]
[EventDate "2000.??.??"]

1. e4 e5 2. Nf3 Nf6 3. Nxe5 d6 4. Nf3 Nxe4 5. d4 Nc6 6. d5 Ne5 7. Bb5+ c6 8.
dxc6 Qa5+ 9. Nc3 bxc6 10. Nxe5 cxb5 11. Qd5 dxe5 12. Qxe4 Bb4 13. Bd2 O-O 14.
Qxa8 Rd8 15. a3 Bf5 16. Qxd8+ Qxd8 17. axb4 Qa8 18. f3 e4 19. O-O exf3 20. Rac1
Qd8 21. Be3 Bxc2 22. Rxf3 Bb3 23. Bxa7 Bc4 24. b3 Bxb3 25. Nxb5 Be6 26. Nc7 g5
27. Nxe6 fxe6 28. b5 Qd7 29. b6 h5 30. Rfc3 Qa4 31. Kh1 Kf7 32. b7 Qxa7 33. Rb1
Qb8 34. Rc8 Qf4 35. b8=Q Qa4 36. Rg8 e5 37. Rf8+ Ke6 38. Qd8 Qd7 39. Rf6+ Kd5
40. Qxd7+ Ke4 41. Re1# {Hossa checkmated} 1-0

[Event "ICS rated blitz match"]
[Site "204.178.125.65"]
[Date "2000.11.23"]
[Round "?"]
[White "zeroeffect"]
[Black "Hossa"]
[Result "0-1"]
[WhiteElo "1933"]
[BlackElo "2514"]
[PlyCount "74"]
[EventDate "2000.??.??"]

1. e4 e5 2. Nf3 Nc6 3. Bc4 Be7 4. d3 Nf6 5. O-O d6 6. h3 Na5 7. Nbd2 O-O 8. b4
Nxc4 9. Nxc4 Be6 10. Ne3 a5 11. b5 c6 12. a4 cxb5 13. axb5 b6 14. c4 Qb8 15.
Ba3 Ra7 16. Qe2 Nh5 17. Nf5 Bxf5 18. exf5 Nf4 19. Qe3 Re8 20. Kh2 Bf6 21. Rad1
Nh5 22. Ng5 Bxg5 23. Qxg5 Nf6 24. Rfe1 h6 25. Qe3 Qc7 26. Kg1 Raa8 27. g4 e4
28. Qg3 Rad8 29. h4 exd3 30. Rxe8+ Rxe8 31. g5 hxg5 32. hxg5 Ne4 33. Qxd3 Qc8
34. Qh3 Nxg5 35. Qg4 f6 36. Bxd6 Re4 37. Bf4 Rxf4 {zeroeffect resigns} 0-1

[Event "ICS rated blitz match"]
[Site "204.178.125.65"]
[Date "2000.11.23"]
[Round "?"]
[White "Hossa"]
[Black "LOGISTIC"]
[Result "1-0"]
[WhiteElo "2515"]
[BlackElo "1971"]
[PlyCount "167"]
[EventDate "2000.??.??"]

1. e4 c6 2. d4 d5 3. e5 Bf5 4. Nf3 e6 5. Be2 Qb6 6. O-O h6 7. a4 a5 8. Kh1 Nd7
9. Ra2 f6 10. exf6 Ngxf6 11. Bd3 Bxd3 12. Qxd3 Qa6 13. Qg6+ Kd8 14. Re1 c5 15.
Qf7 Ne4 16. Be3 Qd6 17. Nc3 Qe7 18. Qxe7+ Bxe7 19. Nxe4 dxe4 20. Nd2 cxd4 21.
Bxd4 Bc5 22. Bxc5 Nxc5 23. Nxe4 Nxe4 24. Rxe4 Ke7 25. Ra1 Rhd8 26. Rae1 Rd6 27.
g4 Rc8 28. c3 Rc5 29. Kg2 b5 30. Re5 Rxe5 31. Rxe5 bxa4 32. Rxa5 Rb6 33. Rxa4
Rxb2 34. Kf3 Kf6 35. Ke3 g5 36. Ra7 Rc2 37. Rc7 Rc1 38. Kf3 Rh1 39. Kg2 Rc1 40.
h3 Rc2 41. Rc8 Ke5 42. Kf3 Rc1 43. Rc4 Rc2 44. Ke3 Rc1 45. Re4+ Kd5 46. Rd4+
Ke5 47. Rd3 Rc2 48. Kf3 Rc1 49. Ke2 Rc2+ 50. Ke3 Rc1 51. Kd2 Rf1 52. Rf3 Ra1
53. Kc2 Ra2+ 54. Kd3 Ra3 55. Re3+ Kd5 56. Re1 e5 57. Rc1 e4+ 58. Ke3 Ke5 59.
Rc2 Kd5 60. Ke2 Ke5 61. f3 exf3+ 62. Kxf3 Rb3 63. Ke3 Kd5 64. Kd3 Kc5 65. Rf2
Rb6 66. Rf5+ Kc6 67. Rf6+ Kb5 68. Rxb6+ Kxb6 69. Ke4 Kc5 70. Kf5 Kc4 71. Kg6
Kxc3 72. Kxh6 Kd4 73. Kxg5 Ke4 74. Kf6 Kd4 75. g5 Kc4 76. g6 Kd4 77. g7 Kc4 78.
g8=Q+ Kd4 79. Qg3 Ke4 80. Qc3 Kf4 81. Qe1 Kf3 82. Kg5 Kg2 83. Kf4 Kxh3 84. Qh1#
{LOGISTIC checkmated} 1-0

[Event "ICS rated blitz match"]
[Site "204.178.125.65"]
[Date "2000.11.23"]
[Round "?"]
[White "LOGISTIC"]
[Black "Hossa"]
[Result "0-1"]
[WhiteElo "1970"]
[BlackElo "2516"]
[PlyCount "68"]
[EventDate "2000.??.??"]

1. e4 e5 2. Nf3 Nc6 3. Bb5 a6 4. Ba4 Nf6 5. O-O Be7 6. Re1 b5 7. Bb3 d6 8. d4
exd4 9. c3 dxc3 10. Nxc3 O-O 11. Bg5 Bg4 12. h3 b4 13. Bxf6 Bxf3 14. Qxf3 Bxf6
15. Nd5 Bxb2 16. Rab1 Ne5 17. Qg3 Ba3 18. f4 Nc6 19. Qd3 Ne7 20. Ne3 Ng6 21. g3
Qd7 22. Nf5 Ne7 23. Ne3 Qxh3 24. Kf2 Qh2+ 25. Ng2 Qh5 26. Rh1 Qc5+ 27. Ne3 a5
28. e5 h6 29. Kg2 dxe5 30. fxe5 Rad8 31. Qe2 Qxe5 32. Rbf1 Qe4+ 33. Rf3 Nd5 34.
Rh3 Nc3 {LOGISTIC resigns} 0-1

[Event "ICS rated blitz match"]
[Site "204.178.125.65"]
[Date "2000.11.23"]
[Round "?"]
[White "speX"]
[Black "Hossa"]
[Result "0-1"]
[WhiteElo "2000"]
[BlackElo "2519"]
[PlyCount "44"]
[EventDate "2000.??.??"]

1. e4 e5 2. Nf3 Nc6 3. Bb5 a6 4. Ba4 Nf6 5. O-O Be7 6. Re1 b5 7. Bb3 d6 8. h3
O-O 9. c3 Na5 10. Bc2 c5 11. d4 cxd4 12. cxd4 Nc6 13. d5 Nb4 14. Bb3 a5 15. a3
Na6 16. Nbd2 Bd7 17. Nf1 Nc5 18. Bc2 Qb8 19. b4 axb4 20. Bg5 bxa3 21. Ne3 b4
22. Ng4 b3 {speX resigns} 0-1

[Event "ICS rated blitz match"]
[Site "204.178.125.65"]
[Date "2000.11.23"]
[Round "?"]
[White "Hossa"]
[Black "speX"]
[Result "1-0"]
[WhiteElo "2521"]
[BlackElo "1998"]
[PlyCount "37"]
[EventDate "2000.??.??"]

1. e4 e5 2. Nf3 Nc6 3. Bb5 a6 4. Ba4 Nf6 5. O-O Be7 6. Re1 O-O 7. Bxc6 dxc6 8.
Nxe5 Re8 9. d4 c5 10. c3 c6 11. Bg5 cxd4 12. cxd4 c5 13. Qb3 Be6 14. d5 Nxe4
15. dxe6 Bxg5 16. exf7+ Kh8 17. fxe8=R+ Qxe8 18. Nf7+ Kg8 19. Nxg5+ {
speX resigns} 1-0

[Event "ICS rated blitz match"]
[Site "204.178.125.65"]
[Date "2000.11.23"]
[Round "?"]
[White "Tinker"]
[Black "Hossa"]
[Result "0-1"]
[WhiteElo "2588"]
[BlackElo "2523"]
[PlyCount "98"]
[EventDate "2000.??.??"]

1. e4 e5 2. Nf3 Nc6 3. Bb5 a6 4. Ba4 Nf6 5. O-O Be7 6. Re1 b5 7. Bb3 d6 8. c3
O-O 9. h3 Na5 10. Bc2 c5 11. d4 Qc7 12. Nbd2 cxd4 13. cxd4 Bb7 14. Nf1 Rac8 15.
Re2 d5 16. dxe5 Nxe4 17. Ng3 Nxg3 18. fxg3 d4 19. Nxd4 Rfd8 20. Qd3 g6 21. e6
Bc5 22. e7 Bxe7 23. Be3 Nc6 24. Nxc6 Rxd3 25. Nxe7+ Qxe7 26. Bxd3 Qd6 27. Rd1
Qxg3 28. Bd4 Bf3 29. Be5 Qg5 30. Bf4 Qxf4 31. Rf2 Qe3 32. gxf3 Rd8 33. Be2
Rxd1+ 34. Bxd1 Qe1+ 35. Rf1 Qg3+ 36. Kh1 Qxh3+ 37. Kg1 Qg3+ 38. Kh1 Qh4+ 39.
Kg2 Qg5+ 40. Kh3 Qd2 41. Rg1 Qxb2 42. Rg2 Qc3 43. Be2 h5 44. Rf2 Qd2 45. Kg2
Kg7 46. Bf1 Qg5+ 47. Kh2 h4 48. Rg2 Qf4+ 49. Kg1 Qxf3 {Tinker resigns} 0-1

[Event "ICS rated blitz match"]
[Site "204.178.125.65"]
[Date "2000.11.23"]
[Round "?"]
[White "Hossa"]
[Black "Tinker"]
[Result "1-0"]
[WhiteElo "2542"]
[BlackElo "2569"]
[PlyCount "181"]
[EventDate "2000.??.??"]

1. e4 c5 2. Nf3 d6 3. d4 cxd4 4. Nxd4 Nf6 5. Nc3 g6 6. Be3 Bg7 7. f3 O-O 8. Bc4
Nc6 9. Bb3 Bd7 10. Nde2 Na5 11. Qd3 Nxb3 12. axb3 a6 13. O-O b5 14. b4 Qc7 15.
Qd2 Rfc8 16. Bh6 Bxh6 17. Qxh6 Qc4 18. Nf4 Qd4+ 19. Rf2 Kh8 20. Nd3 Ng8 21. Qd2
Rc7 22. Nd5 Rc6 23. c3 Qg7 24. Qe3 Be6 25. Re2 g5 26. Nf2 Bc8 27. Nb6 Rb8 28.
Nxc8 Rbxc8 29. Qa7 R8c7 30. Qa8 Rc8 31. Qb7 Qf8 32. Qa7 R8c7 33. Qe3 Qg7 34.
Ra2 Nf6 35. Re1 Rb7 36. Rea1 Rbb6 37. Ra5 Nd7 38. Ng4 f6 39. Qd4 e6 40. Qd1 Qg6
41. Qd3 h5 42. Nf2 Kh7 43. Qe3 f5 44. exf5 Qxf5 45. Ne4 Kg6 46. Ng3 Qd5 47. Re1
h4 48. Ne4 Qe5 49. Qd3 Qf5 50. Qe2 e5 51. Qd1 Nf6 52. Qd3 Kh6 53. Qd2 h3 54.
Ng3 Qg6 55. gxh3 Kg7 56. Ne4 Nh7 57. Qg2 Kh6 58. Kh1 Rb8 59. Qg4 Nf6 60. Nxf6
Qxf6 61. h4 gxh4 62. Re4 d5 63. Qxh4+ Qxh4 64. Rxh4+ Kg5 65. Rg4+ Kh5 66. Ra1
Rf8 67. Rg3 Rf4 68. Rag1 e4 69. Rg5+ Kh4 70. Rg8 Rh6 71. fxe4 dxe4 72. Re8 Rh7
73. Rg3 Rg4 74. Rxg4+ Kxg4 75. Rxe4+ Kf5 76. Re1 Rd7 77. Rf1+ Ke5 78. Kg2 Rg7+
79. Kf3 Rf7+ 80. Ke2 Rh7 81. Rf2 Ke4 82. Kd1 Rh8 83. Kc2 Ke3 84. Rd2 Rh4 85. b3
Kf3 86. Rd3+ Kg4 87. Rd4+ Kh5 88. Rxh4+ Kg5 89. c4 Kf5 90. Rh5+ Ke6 91. Rxb5 {
Tinker resigns} 1-0

[Event "ICS rated blitz match"]
[Site "204.178.125.65"]
[Date "2000.11.23"]
[Round "?"]
[White "Hossa"]
[Black "Yace"]
[Result "0-1"]
[WhiteElo "2559"]
[BlackElo "2703"]
[PlyCount "100"]
[EventDate "2000.??.??"]

1. e4 c5 2. Nf3 e6 3. d4 cxd4 4. Nxd4 Nf6 5. Bd3 Nc6 6. Be3 d5 7. Nxc6 bxc6 8.
exd5 cxd5 9. O-O Bd6 10. Nc3 Bd7 11. f4 O-O 12. Bd4 Rb8 13. Rb1 Qc7 14. Bxf6
gxf6 15. Qh5 f5 16. Qg5+ Kh8 17. Qf6+ Kg8 18. Ne2 Bc5+ 19. Kh1 Qd8 20. Qh6 Kh8
21. Rf3 Rg8 22. Rh3 Rg7 23. c3 Qa5 24. a3 Bb5 25. Qf6 Bxd3 26. Rxd3 Kg8 27. Rg3
Rg6 28. Rxg6+ hxg6 29. b4 Qxa3 30. Qe5 Rb7 31. Rd1 Bf8 32. Qd4 a5 33. bxa5 Qxa5
34. Qd2 Bd6 35. Nd4 Qa3 36. Rf1 Rb2 37. Qe1 Qa2 38. Qg3 Rb1 39. Kg1 Bc5 40. Qe3
Rb2 41. Qg3 Qc4 42. Qe1 Re2 43. Qa1 Bxd4+ 44. Kh1 Rxg2 45. Qa8+ Kg7 46. Qa6
Qxa6 47. Kxg2 Qe2+ 48. Rf2 Qxf2+ 49. Kh3 Qf3+ 50. Kh4 Qg4# {Hossa checkmated}
0-1

[Event "ICS rated blitz match"]
[Site "204.178.125.65"]
[Date "2000.11.24"]
[Round "?"]
[White "burlov"]
[Black "Hossa"]
[Result "0-1"]
[WhiteElo "2117"]
[BlackElo "2549"]
[PlyCount "118"]
[EventDate "2000.??.??"]

1. e4 e5 2. Nf3 Nc6 3. d4 exd4 4. Nxd4 Bc5 5. Be3 Bb6 6. Nf5 Bxe3 7. Nxe3 Nf6
8. Nc3 O-O 9. Be2 d6 10. O-O Re8 11. f3 Be6 12. Bc4 Nd7 13. Bxe6 fxe6 14. f4
Rf8 15. Qg4 Qf6 16. Kh1 Qf7 17. Rae1 Nf6 18. Qh3 a6 19. Ng4 Nd7 20. Ne3 b5 21.
Ne2 Nc5 22. Qf3 Qg6 23. Ng3 a5 24. c3 Nd3 25. Rd1 Nxb2 26. Rb1 Na4 27. Rxb5
Nxc3 28. Rb7 Ra7 29. Rxa7 Nxa7 30. f5 Qg5 31. Qf4 Qxf4 32. Rxf4 Nxa2 33. Rf1
exf5 34. Ngxf5 g6 35. Ne7+ Kg7 36. Ra1 Rf2 37. N7d5 c6 38. Nf4 Rxf4 39. Rxa2
Rxe4 40. Ra3 Nb5 41. Rd3 a4 42. g3 a3 43. Nc2 a2 44. Rd1 Re2 45. Na1 Rb2 46.
Kg1 Rb1 47. Rf1 Nd4 48. Kf2 h6 49. h4 h5 50. Kg2 Rxf1 51. Kxf1 g5 52. Kf2 gxh4
53. gxh4 Kf6 54. Ke3 Nb5 55. Kd3 Kf5 56. Kc4 Kg4 57. Nb3 Kxh4 58. Kd3 Kg4 59.
Ke4 h4 {burlov resigns} 0-1

[Event "ICS rated bullet match"]
[Site "204.178.125.65"]
[Date "2000.11.24"]
[Round "?"]
[White "defender3450"]
[Black "Hossa"]
[Result "0-1"]
[WhiteElo "1921"]
[BlackElo "2558"]
[PlyCount "36"]
[EventDate "2000.??.??"]

1. d4 Nf6 2. Nf3 g6 3. Bf4 Bg7 4. e3 O-O 5. Be2 d5 6. Nc3 Nh5 7. Bg5 h6 8. Bh4
c6 9. Ne5 Nf6 10. O-O Nbd7 11. f4 Nb6 12. f5 Bxf5 13. Bg4 Nxg4 14. Nxg4 Nc4 15.
Rf4 Bxg4 16. Qxg4 g5 17. Bxg5 hxg5 18. Qxg5 e5 {defender3450 resigns} 0-1

[Event "ICS rated bullet match"]
[Site "204.178.125.65"]
[Date "2000.11.24"]
[Round "?"]
[White "Hossa"]
[Black "Tim"]
[Result "1-0"]
[WhiteElo "2559"]
[BlackElo "2185"]
[PlyCount "63"]
[EventDate "2000.??.??"]

1. d4 d5 2. c4 Nc6 3. Nf3 Bg4 4. cxd5 Bxf3 5. gxf3 Qxd5 6. e3 e5 7. Nc3 Bb4 8.
Bd2 Bxc3 9. bxc3 exd4 10. cxd4 Nge7 11. Bg2 O-O-O 12. O-O Ng6 13. f4 Qd6 14.
Qb3 b6 15. Qxf7 Nh4 16. Bh1 Rhf8 17. Qh5 Nf5 18. Qxh7 Rf6 19. Rfc1 Nce7 20. Be4
Nxd4 21. exd4 Rh6 22. Bf5+ Kb8 23. Qxg7 Rg8 24. Qxg8+ Nxg8 25. Be3 Ne7 26. Be4
Nd5 27. Bg2 Rg6 28. f5 Rg8 29. Kf1 Nf4 30. Rc6 Qd7 31. Bxf4 Rxg2 32. Rxc7 {
Tim resigns} 1-0

[Event "ICS rated bullet match"]
[Site "204.178.125.65"]
[Date "2000.11.24"]
[Round "?"]
[White "Tim"]
[Black "Hossa"]
[Result "0-1"]
[WhiteElo "2182"]
[BlackElo "2562"]
[PlyCount "40"]
[EventDate "2000.??.??"]

1. d4 Nf6 2. Nc3 d5 3. e4 Nxe4 4. Nxe4 dxe4 5. Bc4 Nc6 6. c3 e5 7. Qb3 Qd7 8.
d5 Na5 9. Bb5 c6 10. dxc6 bxc6 11. Qa4 cxb5 12. Qxa5 Bb7 13. Be3 Bd6 14. Rd1
Qc6 15. Ne2 O-O 16. O-O Ba6 17. Rfe1 f5 18. g3 f4 19. Bc1 f3 20. Nd4 exd4 {
Tim resigns} 0-1

[Event "ICS rated blitz match"]
[Site "204.178.125.65"]
[Date "2000.11.24"]
[Round "?"]
[White "Mus"]
[Black "Hossa"]
[Result "0-1"]
[WhiteElo "2003"]
[BlackElo "2552"]
[PlyCount "55"]
[EventDate "2000.??.??"]

1. c4 Nf6 2. Nc3 e5 3. Nf3 Nc6 4. g3 Bb4 5. Bg2 O-O 6. O-O Re8 7. d3 e4 8. Nxe4
Nxe4 9. dxe4 Rxe4 10. b3 Qe8 11. e3 Bc3 12. Rb1 Nb4 13. Qe2 Rg4 14. a3 Nc6 15.
Bb2 Bxb2 16. Qxb2 d6 17. Rbd1 Rg6 18. Rd2 Bd7 19. Nd4 a6 20. Rfd1 Rf6 21. h3
Rh6 22. Kh2 Bxh3 23. Kg1 Bxg2 24. Kxg2 Qd7 25. Nxc6 Qh3+ 26. Kf3 bxc6 27. Rd4
Rf6+ 28. Ke2 {Mus resigns} 0-1

[Event "ICS Rated bullet match"]
[Site "204.178.125.65"]
[Date "2000.11.24"]
[Round "?"]
[White "Hossa"]
[Black "Beckz"]
[Result "1-0"]
[WhiteElo "2565"]
[BlackElo "2221"]
[PlyCount "23"]
[EventDate "2000.??.??"]

1. e4 d5 2. exd5 Nf6 3. d4 Qxd5 4. Nc3 Qa5 5. Bd2 e6 6. Bb5+ c6 7. Bc4 Nbd7 8.
Nf3 Bd6 9. Nb5 Bb4 10. Bxb4 Qxb4+ 11. c3 Qxc4 12. Nd6+ {Beckz resigns} 1-0